| 000 | 01030nam a22002297a 4500 | ||
|---|---|---|---|
| 001 | EIF-VII-2009-M2-003 | ||
| 003 | OSt | ||
| 005 | 20221219085628.0 | ||
| 008 | 221219b |||||||| |||| 00| 0 eng d | ||
| 040 |
_aFundación Jesús Pereda _cFundación Jesús Pereda |
||
| 041 | _aCastellano | ||
| 100 |
_uUniversitat Autònoma de Barcelona _aLucci, Marcela _9551 |
||
| 111 |
_aEncuentro de Investigadores del Franquismo _c(Santiago de Compostela. _d2009. _n7º) _999 |
||
| 245 |
_aDesde el sur frente al nuevo dictador: _bcambios y continuidades en las actividades de los “catalanes de América” de Buenos Aires en los primeros años de posguerra _c/Marcela Lucci |
||
| 650 | 0 |
_9255 _aMovimientos migratorios |
|
| 650 | 0 |
_9381 _aPostguerra |
|
| 650 | 0 |
_9552 _aCatalanismo |
|
| 651 | 0 |
_9546 _aArgentina _yBuenos Aires |
|
| 773 |
_tActas del VII Encuentro de Investigadores del Franquismo _g105-113 p. |
||
| 856 | _uhttps://bibliotecaccoocyl.fundacionjesuspereda.es/cgi-bin/koha/opac-retrieve-file.pl?id=a5f917dd60ec9d87783718494f9a2e51 | ||
| 942 |
_2ddc _cCF _n0 |
||
| 999 |
_c369 _d369 |
||